[Event "Graz Open A 2017"]
[Site "masterchessopen.com Graz AUT"]
[Date "2017.02.21"]
[Round "2.23"]
[White "Ozturk,Ku"]
[Black "Nguyen,P"]
[Result "0-1"]
[WhiteElo "2262"]
[BlackElo "2433"]

1.d4 d6 2.c4 e5 3.Nc3 exd4 4.Qxd4 Nf6 5.g3 Nc6 6.Qd2 Be6 7.Nd5 Ne5 8.b3 Ne4
9.Qe3 Nc5 10.Bb2 c6 11.Nf4 Ng4 12.Qf3 Ne4 13.O-O-O Ngxf2 14.Rd4 d5 15.Bh3 Nxh1
16.Bxe6 fxe6 17.Nxe6 Qd6 18.Nf4 Nhf2 19.cxd5 cxd5 20.Nxd5 O-O-O 21.Ne3 Qc6+
{#R} 0-1

[Event "Graz Open A 2017"]
[Site "masterchessopen.com Graz AUT"]
[Date "2017.02.21"]
[Round "2.24"]
[White "Christiansen,Johan-Sebastian"]
[Black "Dehlinger,Alexander"]
[Result "1-0"]
[WhiteElo "2432"]
[BlackElo "2282"]

1.e4 c5 2.Nf3 Nc6 3.Bb5 Nf6 4.Nc3 g6 5.e5 Ng4 6.Bxc6 dxc6 7.d3 Bg7 8.Bf4 Nh6
9.Ne4 b6 10.Qd2 Nf5 11.c3 h5 12.O-O-O Be6 13.Kb1 Qd7 14.h3 h4 15.g4 hxg3
16.fxg3 Bd5 17.Qf2 O-O-O 18.g4 Nh6 19.Qe2 Bxe4 20.dxe4 Qc7 21.g5 Rxd1+ 22.Rxd1
Ng8 23.Qa6+ Kb8 24.e6 {#r} 1-0

[Event "Graz Open A 2017"]
[Site "masterchessopen.com Graz AUT"]
[Date "2017.02.21"]
[Round "2.26"]
[White "Costachi,M"]
[Black "Praveen Kumar,C1"]
[Result "1-0"]
[WhiteElo "2430"]
[BlackElo "2279"]

1.d4 e6 2.c4 f5 3.Nf3 Nf6 4.g3 Be7 5.Bg2 d6 6.Nc3 O-O 7.O-O Qe8 8.b3 a5 9.Bb2
Qh5 10.Re1 Ne4 11.Nd2 Nxc3 12.Bxc3 Nc6 13.e4 Qxd1 14.Raxd1 fxe4 15.Nxe4 e5
16.d5 Nd8 17.Rf1 b6 18.Rde1 Bf5 19.f4 Nf7 20.fxe5 Nxe5 21.Bxe5 dxe5 22.d6 cxd6
23.Nxd6 {#r} 1-0

[Event "Graz Open A 2017"]
[Site "masterchessopen.com Graz AUT"]
[Date "2017.02.21"]
[Round "2.27"]
[White "Terbe,J"]
[Black "Nitin,S"]
[Result "0-1"]
[WhiteElo "2246"]
[BlackElo "2428"]

1.d4 Nf6 2.Nf3 g6 3.c4 Bg7 4.g3 O-O 5.Bg2 d6 6.Nc3 Nbd7 7.O-O e5 8.e3 c6 9.Qc2
Re8 10.b3 Nf8 11.dxe5 dxe5 12.Rd1 Qa5 13.Bb2 Bf5 14.e4 Bg4 15.Ne2 h5 16.Bc3
Qc5 17.Ne1 N6h7 18.Nd3 Qe7 19.f3 Bc8 20.c5 h4 21.b4 Ng5 22.Ne1 b6 23.Rd6 Nfe6
24.Rad1 bxc5 25.bxc5 Ba6 26.Bb4 Qb7 27.Ba3 Bf8 28.Rd7 Qb5 29.Nd3 h3 30.f4 hxg2
31.fxg5 Rad8 32.Rxd8 Rxd8 33.Nec1 Nxg5 34.Kxg2 Nxe4 35.Nxe5 Rd2+ {#R} 0-1

[Event "Graz Open A 2017"]
[Site "masterchessopen.com Graz AUT"]
[Date "2017.02.21"]
[Round "2.28"]
[White "Akesson,R"]
[Black "Risting,Eivind Olav"]
[Result "1-0"]
[WhiteElo "2420"]
[BlackElo "2268"]

1.d4 Nf6 2.c4 c5 3.d5 b5 4.cxb5 a6 5.bxa6 g6 6.Nc3 Bg7 7.e4 O-O 8.Nf3 Qa5
9.Nd2 Bxa6 10.Be2 d6 11.O-O Nbd7 12.a4 Rfb8 13.Ra3 Rb4 14.Re1 Ne5 15.Bxa6 Qxa6
16.Nb5 Ne8 17.f4 Nd7 18.b3 Nb6 19.Qc2 c4 20.Nxc4 Nxc4 21.bxc4 Rc8 22.Qd3 Rbxc4
23.Bd2 Rxa4 24.Rxa4 Qxa4 25.e5 Qa6 26.Qe2 dxe5 27.fxe5 Rc5 28.Nc3 Qxe2 29.Rxe2
Nc7 30.d6 exd6 31.exd6 Ne6 32.d7 Bf6 33.Ne4 Bd4+ 34.Be3 Rd5 35.Bxd4 Rxd4
36.Nc5 Kg7 37.Rxe6 Rd1+ 38.Kf2 fxe6 39.Nxe6+ {#r} 1-0

[Event "Graz Open A 2017"]
[Site "masterchessopen.com Graz AUT"]
[Date "2017.02.21"]
[Round "2.29"]
[White "Bonstingl,G"]
[Black "Zanan,E"]
[Result "0-1"]
[WhiteElo "2245"]
[BlackElo "2420"]

1.Nf3 Nf6 2.g3 c5 3.Bg2 Nc6 4.O-O e5 5.d3 d5 6.e4 Be7 7.exd5 Nxd5 8.Re1 f6
9.Nc3 Nc7 10.a3 Bg4 11.h3 Be6 12.Rb1 O-O 13.Bd2 Qd7 14.Kh2 Rad8 15.Qe2 b6
16.Qf1 Kh8 17.Be3 Nd4 18.Bxd4 cxd4 19.Ne4 Nd5 20.Rec1 Bg8 21.Qd1 f5 22.Ned2
Bf6 23.Qe2 Rfe8 24.Re1 h6 25.Rbd1 b5 26.Ra1 Rc8 27.Rac1 Bh7 28.Nb3 Nb6 29.h4
Na4 30.Rb1 Re7 31.Bh3 g5 32.hxg5 hxg5 33.Bg2 Kg7 34.Qd2 f4 35.gxf4 gxf4 36.Rh1
Bg6 37.Na5 Qg4 38.Kg1 e4 39.Nh2 Qg5 40.f3 e3 {#R} 0-1

[Event "Graz Open A 2017"]
[Site "masterchessopen.com Graz AUT"]
[Date "2017.02.21"]
[Round "2.32"]
[White "Titan,M"]
[Black "Cawdery,D"]
[Result "0-1"]
[WhiteElo "2226"]
[BlackElo "2413"]

1.Nf3 Nf6 2.c4 g6 3.Nc3 d5 4.cxd5 Nxd5 5.Qa4+ Nc6 6.Ne5 Qd6 7.Nxc6 Qxc6
8.Qxc6+ bxc6 9.g3 Bg7 10.Bg2 Be6 11.O-O O-O 12.Na4 Rab8 13.Rb1 Nb4 14.Nc3 Bf5
15.d3 Nxd3 16.exd3 Bxc3 17.Bh6 Bg7 18.Bxg7 Kxg7 19.Be4 Be6 20.b3 Rfd8 21.Rbc1
Rb6 22.Rc3 Rd6 23.Rfc1 Bd7 24.Kg2 e5 25.Rc5 f6 26.Ra5 a6 27.Rac5 Kf7 28.h4 h5
29.R1c3 Be8 30.Kf1 Ke6 31.Ke2 Kd7 32.Ke3 Bf7 33.Ra5 f5 34.Bf3 Bd5 35.Be2 Rf6
36.f4 exf4+ 37.Kxf4 Re6 38.Bf3 Rb4+ 39.Rc4 Bxc4 40.dxc4 Rb6 41.Kg5 Re3 42.Kf4
Rc3 43.Be2 c5 44.Rxc5 Rc2 45.Bf3 Rxa2 {#R} 0-1

[Event "Graz Open A 2017"]
[Site "masterchessopen.com Graz AUT"]
[Date "2017.02.21"]
[Round "2.33"]
[White "Schoppen,Casper"]
[Black "Mohota,N"]
[Result "1-0"]
[WhiteElo "2405"]
[BlackElo "2246"]

1.e4 c6 2.Nf3 d5 3.exd5 cxd5 4.d4 Nc6 5.c3 Nf6 6.Ne5 Nd7 7.Nxd7 Bxd7 8.Bd3 g6
9.O-O Bg7 10.Qb3 Bc8 11.Bf4 O-O 12.Nd2 f6 13.Bg3 Kh8 14.Rad1 e5 15.dxe5 fxe5
16.Rfe1 Qa5 17.Bb5 e4 18.Nf1 a6 19.Bxc6 bxc6 20.Ne3 Ra7 21.Bd6 Rd8 22.Bb4 Qc7
23.Bc5 Rb7 24.Qa3 Kg8 25.Rd2 Be5 26.Nf1 a5 27.Qa4 Rb8 28.Qd1 Ba6 29.Qg4 Qf7
30.Ng3 Bc7 31.f3 Bc8 32.Qh4 Bf5 33.fxe4 dxe4 34.Rf2 Qd5 35.Nxf5 gxf5 36.Qg5+
Kh8 37.Qf6+ Kg8 38.Rxf5 Qxf5 39.Qxf5 Rd5 40.Qe6+ {#r} 1-0

[Event "Graz Open A 2017"]
[Site "masterchessopen.com Graz AUT"]
[Date "2017.02.21"]
[Round "2.34"]
[White "Stojkovic,Mir"]
[Black "Gazik,Viktor"]
[Result "0-1"]
[WhiteElo "2211"]
[BlackElo "2403"]

1.e4 c5 2.Nf3 d6 3.Bb5+ Nd7 4.d4 Nf6 5.Nc3 cxd4 6.Nxd4 g6 7.O-O Bg7 8.Bg5 O-O
9.Re1 h6 10.Bh4 a6 11.Bf1 Qb6 12.Nb3 Qc7 13.a4 b6 14.f4 Bb7 15.Qd2 e5 16.Rad1
exf4 17.Qxd6 Qxd6 18.Rxd6 g5 19.e5 Nxe5 20.Rxe5 gxh4 21.Re7 Bc8 22.Rxb6 Bf5
23.Nd4 Bh7 24.Rbb7 Nd5 25.Nxd5 Bxd4+ 26.Kh1 Bxc2 27.Nxf4 Bxa4 28.Rbc7 Bb5
29.Bc4 Bxc4 30.Rxc4 Bxb2 31.g3 hxg3 32.hxg3 a5 33.Nd3 a4 34.Nxb2 a3 35.Na4 a2
36.Re1 Rfb8 {#R} 0-1

[Event "St Louis Winter GM 2017"]
[Site "masterchessopen.com Saint Louis USA"]
[Date "2017.02.21"]
[Round "9.3"]
[White "Liang,Awonder"]
[Black "Checa,Nicolas D"]
[Result "0-1"]
[WhiteElo "2493"]
[BlackElo "2400"]

1.c4 c6 2.e4 d5 3.exd5 cxd5 4.d4 Nf6 5.Nc3 Nc6 6.Bg5 dxc4 7.Bxc4 e6 8.Nf3 Be7
9.O-O O-O 10.Rc1 b6 11.Re1 Bb7 12.a3 Rc8 13.Qd3 Re8 14.Ba2 h6 15.Be3 Bd6
16.Ne4 Nxe4 17.Qxe4 Rc7 18.Qg4 Qf6 19.Nd2 Ne7 20.Nc4 Nf5 21.Nxd6 Rxc1 22.Rxc1
Nxd6 23.Bb1 Bd5 24.Bd3 Nf5 25.Rc7 a5 26.h3 Nxe3 27.fxe3 e5 28.Rc8 Qe7 29.dxe5
Be6 30.Rxe8+ Qxe8 31.Qd4 Qb8 32.Kf2 Kf8 33.b4 Qc7 34.bxa5 bxa5 35.a4 Ke7
36.Qb2 Kf8 37.Qa3+ Qe7 38.Qc3 Qh4+ 39.Ke2 Qxa4 40.Qc7 Qa2+ 41.Kf1 g6 42.h4 Qd5
43.Qc3 h5 44.Be2 Kg8 45.Kf2 a4 46.Kg3 Qb3 47.Qc5 a3 48.Kf4 a2 49.Qa5 Qb2 {#R}
0-1

[Event "St Louis Winter IM 2017"]
[Site "masterchessopen.com Saint Louis USA"]
[Date "2017.02.21"]
[Round "9.1"]
[White "Grabinsky,Aaron"]
[Black "Banawa,Joe"]
[Result "1-0"]
[WhiteElo "2372"]
[BlackElo "2370"]

1.d4 Nf6 2.Nf3 d5 3.Bf4 c5 4.e3 Nc6 5.Nbd2 e6 6.c3 Qb6 7.Qb3 Be7 8.Qxb6 axb6
9.h3 c4 10.a3 b5 11.Rc1 Nd7 12.Be2 Nb6 13.Bd1 f5 14.O-O O-O 15.Ne5 Nxe5
16.Bxe5 Bd7 17.Bc2 Be8 18.f3 Bg6 19.g4 Na4 20.Rb1 f4 21.Bxg6 fxe3 22.Bc2 exd2
23.Bxa4 bxa4 24.Rbd1 Bf6 25.Bg3 Bg5 26.f4 Be7 27.Rxd2 Bd6 28.Re2 Rae8 29.Kg2
g5 30.fxg5 Rxf1 31.Bxd6 Rb1 32.h4 Rd8 33.Bb4 Rd7 34.h5 Rg7 35.h6 Rxg5 36.Rf2
Kh8 37.Be7 {#r} 1-0

[Event "16th Rochefort Open 2017"]
[Site "masterchessopen.com Rochefort FRA"]
[Date "2017.02.21"]
[Round "5.2"]
[White "Stupak,K"]
[Black "Colin,V"]
[Result "1-0"]
[WhiteElo "2542"]
[BlackElo "2372"]

1.c4 e5 2.g3 Nc6 3.Bg2 Bc5 4.Nc3 a6 5.e3 d6 6.Nge2 Ba7 7.O-O h5 8.d4 h4 9.d5
Nce7 10.Qd3 hxg3 11.hxg3 Nf6 12.Bd2 Bg4 13.e4 Qd7 14.Be3 Bh3 15.f3 Bxg2
16.Kxg2 Qh3+ 17.Kf2 Qh2+ 18.Ke1 Bxe3 19.Qxe3 Nd7 20.Kd2 c5 21.dxc6 bxc6
22.Rad1 Qh6 23.f4 exf4 24.gxf4 Qe6 25.Kc1 Qxc4 26.Rxd6 Qb4 27.Rfd1 Nf6 28.a3
Qb7 29.Qd4 Qc7 30.Qc5 Rc8 31.Kb1 Rh5 32.e5 Nfd5 33.Nxd5 cxd5 34.Qxc7 Rxc7
35.Rxa6 Rh2 36.Nc3 Rf2 37.Rd4 Rb7 38.Ra8+ Kd7 39.Na4 Rb5 40.b4 Nc6 41.Rd1 Nxb4
42.Nc3 Rb7 43.axb4 Rxb4+ 44.Ka1 Rfxf4 45.Rxd5+ Kc6 46.Ra7 Rbc4 47.Rd6+ Kc5
48.Rc7+ Kb4 49.Nd5+ Kb3 50.Rb7+ {#r} 1-0

[Event "16th Rochefort Open 2017"]
[Site "masterchessopen.com Rochefort FRA"]
[Date "2017.02.21"]
[Round "5.5"]
[White "Yuffa,D"]
[Black "Lemeaux,D"]
[Result "1-0"]
[WhiteElo "2519"]
[BlackElo "2347"]

1.d4 Nf6 2.c4 e6 3.g3 c5 4.d5 exd5 5.cxd5 d6 6.Nc3 g6 7.Bg2 Bg7 8.Nf3 O-O
9.O-O Re8 10.Bf4 Qd7 11.a4 b6 12.Re1 Nh5 13.Bg5 h6 14.Bd2 Na6 15.Qb3 Nb4
16.Nb5 a5 17.e4 Ba6 18.Bf1 Re7 19.Bc3 Rae8 20.e5 dxe5 21.d6 Bxb5 22.Bxb5 Qxd6
23.Rad1 Qc7 24.Bxb4 axb4 25.Bxe8 Rxe8 26.Qd5 Qb8 27.b3 Nf6 28.Qd6 e4 29.Qxb8
Rxb8 30.Ne5 b5 31.axb5 Rxb5 32.Rd8+ Bf8 33.Ra1 c4 34.Nxc4 Kg7 35.Ra5 Rb7
36.Kg2 Nd7 37.Nd2 f5 38.Rc8 Be7 39.Nc4 Nf8 40.Ra6 Rd7 41.Rcc6 Bg5 42.h4 {#r}
1-0

[Event "16th Rochefort Open 2017"]
[Site "masterchessopen.com Rochefort FRA"]
[Date "2017.02.21"]
[Round "5.8"]
[White "Eugene,Floryan"]
[Black "Ollier,P"]
[Result "0-1"]
[WhiteElo "2287"]
[BlackElo "2359"]

1.d4 Nf6 2.Bf4 d5 3.e3 c5 4.c3 e6 5.Nf3 Nc6 6.Bd3 Bd6 7.Bg3 O-O 8.Nbd2 b6 9.e4
dxe4 10.Nxe4 Nxe4 11.Bxe4 Bb7 12.Ne5 Qc7 13.Qf3 Bxe5 14.dxe5 Na5 15.O-O Rad8
16.Bh4 Bxe4 17.Qxe4 Rd2 18.Rad1 Rxb2 19.Rd6 Rxa2 20.Rfd1 b5 21.Rd8 Rxd8
22.Bxd8 Qd7 23.Qb1 Rb2 24.Qc1 Nb3 25.Rxd7 Nxc1 26.Bg5 Ne2+ 27.Kf1 h6 28.Bd2 b4
{#R} 0-1

[Event "16th Rochefort Open 2017"]
[Site "masterchessopen.com Rochefort FRA"]
[Date "2017.02.21"]
[Round "5.9"]
[White "Cornette,M"]
[Black "Gavasheli,A"]
[Result "1-0"]
[WhiteElo "2593"]
[BlackElo "2232"]

1.e4 d6 2.d4 Nf6 3.Nc3 g6 4.Bg5 Bg7 5.Qd2 h6 6.Bf4 c6 7.h3 b5 8.a3 a6 9.Nf3
Bb7 10.Rd1 e6 11.Bd3 Kf8 12.O-O c5 13.dxc5 dxc5 14.Qe3 Nbd7 15.e5 Nd5 16.Nxd5
exd5 17.e6 d4 18.Qe2 c4 19.Bd6+ Kg8 20.exf7+ Kh7 21.Be4 Bxe4 22.Qxe4 Qf6
23.f8=Q Rhxf8 24.Bxf8 Rxf8 25.Qxd4 Qxd4 26.Nxd4 Nc5 27.Rfe1 Rd8 28.Re7 {#r}
1-0

[Event "16th Rochefort Open 2017"]
[Site "masterchessopen.com Rochefort FRA"]
[Date "2017.02.21"]
[Round "5.10"]
[White "Favarel,A"]
[Black "Navrotescu,A"]
[Result "1-0"]
[WhiteElo "2423"]
[BlackElo "2199"]

1.c4 Nf6 2.g3 e5 3.Bg2 c6 4.Nf3 e4 5.Nd4 Qb6 6.Nc2 Bc5 7.O-O d5 8.cxd5 cxd5
9.Nc3 Bd7 10.d3 Qe6 11.dxe4 dxe4 12.Bg5 Bc6 13.Bxf6 Qxf6 14.Bxe4 O-O 15.Qd3
Nd7 16.Bxc6 Qxc6 17.Rad1 Nf6 18.Nd4 Qe8 19.Qf3 Qe5 20.e3 h5 21.Rd3 h4 22.Qf4
Qxf4 23.gxf4 g6 24.h3 Kg7 25.Nf3 a6 26.Kg2 Rh8 27.Ng5 Rh5 28.Rc1 Be7 29.Ne2
Ne8 30.Ne4 Rb5 31.b3 Nf6 32.Nxf6 Bxf6 33.Rd7 Rd8 34.Rxd8 Bxd8 35.Rd1 Bf6 36.e4
g5 37.e5 Be7 38.Nd4 Rb4 39.Nf5+ Kf8 40.Rd7 Rxf4 41.Nxe7 Re4 42.Nf5 {#r} 1-0

[Event "16th Rochefort Open 2017"]
[Site "masterchessopen.com Rochefort FRA"]
[Date "2017.02.21"]
[Round "6.1"]
[White "Enchev,I"]
[Black "Stupak,K"]
[Result "0-1"]
[WhiteElo "2464"]
[BlackElo "2542"]

1.d4 Nf6 2.c4 b6 3.Nc3 Bb7 4.d5 e6 5.a3 Bd6 6.Nf3 O-O 7.e4 Re8 8.Be2 exd5
9.exd5 c6 10.O-O cxd5 11.cxd5 Na6 12.b4 Nc7 13.Bb2 Nfxd5 14.Bc4 Nxc3 15.Qxd6
Ne4 16.Qd4 Nf6 17.Rad1 d5 18.Bd3 Ne6 19.Qh4 Ne4 20.Qg4 Qe7 21.Nh4 Nf6 22.Qg3
Nh5 23.Qg4 Nf6 24.Qh3 Nf4 25.Qg3 N4h5 26.Qh3 g6 27.Nf5 gxf5 28.Qxf5 h6 29.h3
d4 30.Bxd4 Be4 31.Qb5 Nf4 32.Bc4 Bxg2 33.Qf5 N6h5 34.Rde1 Qc7 35.Qg4+ Kf8
36.Bb5 Bxh3 37.Qf3 Bxf1 38.Rxf1 Qe7 39.Rc1 Qg5+ {#R} 0-1

[Event "16th Rochefort Open 2017"]
[Site "masterchessopen.com Rochefort FRA"]
[Date "2017.02.21"]
[Round "6.3"]
[White "Maiorov,N1"]
[Black "Inkiov,V"]
[Result "1-0"]
[WhiteElo "2511"]
[BlackElo "2447"]

1.d4 Nf6 2.c4 e6 3.Nc3 d5 4.cxd5 exd5 5.Bg5 Be7 6.e3 c6 7.Bd3 Nbd7 8.Nge2 O-O
9.Qc2 Re8 10.O-O Nf8 11.f3 Be6 12.Bh4 Rc8 13.Rad1 a6 14.Qb1 b5 15.Kh1 Ng6
16.Bf2 c5 17.dxc5 Bxc5 18.Bxg6 hxg6 19.Nd4 Bd7 20.Qd3 Qb6 21.Rfe1 b4 22.Nce2
Ba4 23.Rc1 Bd6 24.Bg3 Bb5 25.Nxb5 Bxg3 26.Rxc8 Rxc8 27.hxg3 axb5 28.Nd4 Qd6
29.g4 Qg3 30.Qd2 Ra8 31.Ra1 Nd7 32.b3 Ne5 33.Rf1 Ra6 34.Kg1 Nc6 35.Nxb5 Qb8
36.Qe2 Ra5 37.Rc1 Qb6 38.Nd6 Rxa2 39.Nc8 Qa5 40.Qd1 Qa3 41.Kh2 Qb2 42.Qf1 Nd8
{#r} 1-0

[Event "16th Rochefort Open 2017"]
[Site "masterchessopen.com Rochefort FRA"]
[Date "2017.02.21"]
[Round "6.5"]
[White "Ollier,P"]
[Black "Favarel,A"]
[Result "0-1"]
[WhiteElo "2359"]
[BlackElo "2423"]

1.a3 d5 2.Nf3 Nf6 3.e3 c6 4.c4 Bg4 5.cxd5 cxd5 6.Qb3 Nc6 7.Qxb7 Bd7 8.Bb5 Rb8
9.Qa6 Rb6 10.Qa4 e5 11.O-O Bd6 12.h3 Rxb5 13.Qxb5 Nd4 14.Qb7 Nxf3+ 15.gxf3
Bxh3 16.Qb5+ Nd7 17.f4 Qh4 18.Qe2 Bxf1 19.Qxf1 exf4 20.Qg2 h5 21.Qh1 Qg4+
22.Qg2 f3 23.Qxg4 hxg4 24.Nc3 Rh2 25.Nd1 Rg2+ 26.Kh1 g3 27.fxg3 Nf6 28.d3 Nh5
29.e4 Nxg3# 0-1

[Event "16th Rochefort Open 2017"]
[Site "masterchessopen.com Rochefort FRA"]
[Date "2017.02.21"]
[Round "6.6"]
[White "Stets,D"]
[Black "Cornette,M"]
[Result "0-1"]
[WhiteElo "2415"]
[BlackElo "2593"]

1.e4 c5 2.Nc3 Nc6 3.Nge2 g6 4.d4 cxd4 5.Nxd4 Bg7 6.Be3 Nf6 7.Bc4 O-O 8.Bb3 Re8
9.Nxc6 dxc6 10.Qxd8 Rxd8 11.f3 Ne8 12.Ke2 b6 13.Rad1 Ba6+ 14.Kf2 Nd6 15.a4 Nb7
16.Rxd8+ Rxd8 17.Rd1 Bxc3 18.Rxd8+ Nxd8 19.bxc3 Kf8 20.Bf4 c5 21.Bd5 e6 22.Ba8
Bb7 23.Bxb7 Nxb7 24.Ke3 Na5 25.Kd3 Ke7 26.c4 Nc6 27.e5 Kd7 28.h3 Kc7 29.Bg3
Kb7 30.f4 Ka6 31.Be1 h5 32.g3 Nd4 33.Bc3 Nf5 34.Be1 Kb7 35.Bf2 Kc6 36.Ke4 Kc7
37.Kf3 Kb7 38.g4 hxg4+ 39.hxg4 Ne7 40.Ke4 Nc6 41.Kd3 g5 42.Ke4 gxf4 43.Kxf4
Kc8 {#R} 0-1

[Event "16th Rochefort Open 2017"]
[Site "masterchessopen.com Rochefort FRA"]
[Date "2017.02.21"]
[Round "6.9"]
[White "Daulyte,D"]
[Black "Eugene,Floryan"]
[Result "1-0"]
[WhiteElo "2447"]
[BlackElo "2287"]

1.e4 e5 2.Nf3 Nc6 3.Bc4 Bc5 4.d3 Nf6 5.O-O d6 6.c3 O-O 7.a4 a6 8.Bg5 h6 9.Bh4
Bg4 10.h3 Bh5 11.g4 Bg6 12.Bg3 Re8 13.b4 Ba7 14.Nbd2 d5 15.exd5 Nxd5 16.Qb3
Nb6 17.Ne4 Nxc4 18.Qxc4 Qd7 19.Rad1 h5 20.Nh4 Bh7 21.Ng5 hxg4 22.Nxh7 Kxh7
23.Qe4+ g6 24.hxg4 Rad8 25.Kg2 Qd5 26.Nf3 Qxe4 27.dxe4 Rxd1 28.Rxd1 f5 29.Rd7+
Re7 30.Rxe7+ Nxe7 31.Bxe5 fxe4 32.Nd2 e3 33.fxe3 Bxe3 34.Ne4 Kg8 35.Bxc7 Kf7
36.Kf3 Bc1 37.Bf4 Bb2 38.Bd2 Ke6 39.Nc5+ Kd5 40.Nxb7 Nc6 41.Nc5 a5 42.Nd3 {#r}
1-0

[Event "33rd Cappelle Open 2017"]
[Site "masterchessopen.com Cappelle la Grande FRA"]
[Date "2017.02.21"]
[Round "5.1"]
[White "Degraeve,JM"]
[Black "Leruste,G"]
[Result "1-0"]
[WhiteElo "2593"]
[BlackElo "2179"]

1.e4 e5 2.Nf3 Nf6 3.Nxe5 Nxe4 4.Qe2 Qe7 5.Qxe4 d6 6.d4 dxe5 7.dxe5 Nc6 8.Bb5
Bd7 9.Nc3 O-O-O 10.Bf4 Qb4 11.O-O-O Qxe4 12.Nxe4 Nxe5 13.Bxd7+ Nxd7 14.Ng5 Be7
15.Nxf7 Rdf8 16.Nxh8 Rxf4 17.Rhe1 Kd8 18.Re6 Rf8 19.Ng6 hxg6 20.Rxg6 Bf6 21.h4
Kc8 22.Rg4 Re8 23.Rf1 b5 24.a4 a6 25.axb5 axb5 26.h5 c6 27.f4 Nb6 28.Rg6 Nd5
29.g4 Kd7 30.g5 Bd4 31.Rd1 Be3+ 32.Kb1 Bxf4 33.Rxg7+ Kd6 34.h6 Rh8 35.Rh1 Be5
36.Rg6+ Kd7 37.h7 Ne7 38.Rd1+ Nd5 39.Re1 Bd4 40.c3 Bc5 41.Rg7+ Ne7 42.g6 {#r}
1-0

[Event "33rd Cappelle Open 2017"]
[Site "masterchessopen.com Cappelle la Grande FRA"]
[Date "2017.02.21"]
[Round "5.3"]
[White "Valuet,B"]
[Black "Aveline,P"]
[Result "1-0"]
[WhiteElo "2288"]
[BlackElo "2046"]

1.Nf3 Nf6 2.c4 e6 3.Nc3 d5 4.d4 Be7 5.Bf4 c6 6.e3 Nbd7 7.c5 Nh5 8.Bd3 Nxf4
9.exf4 b6 10.b4 a5 11.a3 Ba6 12.Bxa6 Rxa6 13.b5 cxb5 14.c6 Nb8 15.Nxb5 Bd6
16.Qc1 Bc7 17.f5 O-O 18.f6 h6 19.h4 Ra8 20.Rh3 Na6 21.Nxc7 Nxc7 22.Qf4 e5
23.dxe5 Ne6 24.Qd2 Kh7 25.Ng5+ Nxg5 26.hxg5 Rh8 27.fxg7 Kxg7 28.gxh6+ Kf8
29.h7 {#r} 1-0

[Event "ch-CHI 2017"]
[Site "masterchessopen.com Santiago CHI"]
[Date "2017.02.21"]
[Round "2.1"]
[White "Gutierrez Montes,Sebastian"]
[Black "Hernandez Riera,J"]
[Result "0-1"]
[WhiteElo "2166"]
[BlackElo "2204"]

1.e4 c6 2.Nc3 d5 3.Nf3 dxe4 4.Nxe4 Bg4 5.d4 Nf6 6.Nxf6+ exf6 7.c3 Bd6 8.Be3
O-O 9.Qd2 Qa5 10.Be2 Re8 11.h3 Be6 12.O-O Qc7 13.c4 Qd7 14.Rfe1 Na6 15.a3 Bxh3
16.gxh3 Qxh3 17.Bf4 Qg4+ 18.Bg3 Bxg3 19.fxg3 Qxg3+ 20.Kh1 Qf2 21.Bd1 Rxe1+
22.Qxe1 Qxb2 23.Ba4 b5 24.cxb5 cxb5 25.Rb1 Qxa3 26.Qe4 Nc7 27.Bxb5 Rb8 28.Bd3
Rxb1+ 29.Bxb1 g6 30.Bd3 Ne6 31.d5 Nc5 32.Qe8+ Kg7 33.Be2 Qc1+ 34.Kg2 Qf4
35.Qe7 Ne4 36.Qxa7 g5 37.Qd4 h5 38.Ng1 g4 39.Bd3 Qg3+ 40.Kf1 Qf4+ 41.Kg2 Qg3+
42.Kf1 Nd2+ 43.Ke2 Nb3 44.Qe4 Qh2+ 45.Ke1 Qxg1+ 46.Ke2 Qh2+ 47.Ke1 Qe5 48.Qxe5
fxe5 {#R} 0-1

[Event "ch-CHI 2017"]
[Site "masterchessopen.com Santiago CHI"]
[Date "2017.02.21"]
[Round "2.3"]
[White "Salinas Herrera,P"]
[Black "Aguirre Contreras,Cristian"]
[Result "1-0"]
[WhiteElo "2464"]
[BlackElo "2254"]

1.d4 Nf6 2.c4 e6 3.Nc3 d5 4.cxd5 exd5 5.Bg5 Bb4 6.e3 O-O 7.Bd3 c6 8.Ne2 Re8
9.O-O Nbd7 10.Qc2 h6 11.Bf4 Nh5 12.Bg3 Nxg3 13.Nxg3 Nf6 14.Rae1 Bd6 15.Nf5 Bc7
16.f3 Be6 17.Qf2 Qd7 18.g4 Nh7 19.Kh1 Rad8 20.Rg1 Bb8 21.f4 Nf8 22.Ref1 a6
23.Ne2 Bxf5 24.gxf5 f6 25.Ng3 Re7 26.Nh5 Nh7 27.Rg6 Kh8 28.Rfg1 Rg8 29.R1g3
Qe8 30.Qg1 Qf8 31.e4 dxe4 32.Bc4 Ng5 33.fxg5 fxg5 34.R3xg5 Bxh2 35.Rxh6+ {#r}
1-0

[Event "ch-CHI 2017"]
[Site "masterchessopen.com Santiago CHI"]
[Date "2017.02.21"]
[Round "3.1"]
[White "Olivares Olivares,C"]
[Black "Gutierrez Montes,Sebastian"]
[Result "1-0"]
[WhiteElo "2320"]
[BlackElo "2166"]

1.e4 c5 2.Nf3 d6 3.d4 cxd4 4.Nxd4 Nf6 5.Nc3 a6 6.Bc4 e6 7.Bb3 Nbd7 8.f4 Qc7
9.f5 Nc5 10.Qf3 Be7 11.g4 d5 12.exd5 Qe5+ 13.Nde2 exf5 14.g5 Nfe4 15.Bf4 Nxg5
16.Qg2 Qf6 17.d6 Bd8 18.O-O-O Nge6 19.Nd5 Qh4 20.Bg3 Qh6+ 21.Kb1 O-O 22.Be5
Bd7 23.Ng3 Qg6 24.Qf2 Nxb3 25.Nxf5 Qh5 26.axb3 f6 27.Bc3 Qf7 28.Rhg1 Kh8
29.Nde7 Bc6 30.Qh4 Bxe7 31.dxe7 Rg8 32.Rd3 g5 33.Qf2 Rg6 34.h4 Be4 35.h5 Bxf5
36.hxg6 Qxg6 37.Rd5 Be4 38.Bxf6+ {#r} 1-0

[Event "ch-CHI 2017"]
[Site "masterchessopen.com Santiago CHI"]
[Date "2017.02.21"]
[Round "3.3"]
[White "Henriquez Villagra,C"]
[Black "Sanchez Sandoval,Gonzalo"]
[Result "0-1"]
[WhiteElo "2538"]
[BlackElo "2256"]

1.e4 c5 2.Nf3 d6 3.d4 cxd4 4.Nxd4 Nf6 5.Nc3 Nc6 6.Nb3 g6 7.Bg5 Bg7 8.Qd2 O-O
9.O-O-O a5 10.a4 Be6 11.Bb5 Rc8 12.Kb1 Nb4 13.Rhe1 Nd7 14.Nd4 Nb6 15.Bh6 Bh8
16.Re3 Bc4 17.Rf3 Bxb5 18.Ndxb5 Nc4 19.Qf4 Rc5 20.Rh3 Re8 21.Bg5 h5 22.Qh4 Qd7
23.Rg1 Qe6 24.Bc1 Rxb5 25.axb5 Bxc3 26.b3 Bf6 27.Qf4 Rc8 {#R} 0-1

[Event "ch-CHI 2017"]
[Site "masterchessopen.com Santiago CHI"]
[Date "2017.02.21"]
[Round "3.6"]
[White "Hernandez Riera,J"]
[Black "Valenzuela Gomez,F"]
[Result "0-1"]
[WhiteElo "2204"]
[BlackElo "2359"]

1.d4 Nf6 2.c4 g6 3.Nc3 d5 4.Nf3 Bg7 5.g3 dxc4 6.Bg2 c6 7.Ne5 Ng4 8.Nxg4 Bxg4
9.Be3 Be6 10.O-O O-O 11.Qd2 Qc8 12.Bh6 Rd8 13.Bxg7 Kxg7 14.Rfd1 Nd7 15.Qf4 Nf6
16.e4 Qb8 17.Qe3 Qc7 18.Rd2 a6 19.Re1 Re8 20.h3 Rad8 21.f4 b5 22.g4 Bc8 23.e5
Nd5 24.Nxd5 cxd5 25.f5 gxf5 26.Rf2 f4 27.Qxf4 Be6 28.Ref1 Rg8 29.g5 Kh8 30.Kh2
Rg7 31.Bf3 Rdg8 32.Rg2 c3 33.bxc3 Qxc3 34.Rc1 Qa5 35.Rc5 Qd8 36.h4 h6 37.Bd1
hxg5 38.Rxg5 Rxg5 39.hxg5 Kg7 40.Rc2 Rh8+ 41.Kg1 Rh3 42.Rh2 Qh8 43.Rxh3 Qxh3
44.Bf3 Qh7 45.Qd2 Qf5 46.a3 Qxf3 {#R} 0-1

[Event "Sharjah Grand Prix 2017"]
[Site "masterchessopen.com Sharjah UAE"]
[Date "2017.02.22"]
[Round "5.4"]
[White "Grischuk,A"]
[Black "Eljanov,P"]
[Result "1-0"]
[WhiteElo "2742"]
[BlackElo "2759"]

1.d4 Nf6 2.c4 e6 3.Nf3 d5 4.Nc3 Bb4 5.cxd5 exd5 6.Bg5 h6 7.Bh4 O-O 8.e3 Bf5
9.Qb3 Bxc3+ 10.bxc3 Nbd7 11.Be2 c5 12.dxc5 Nxc5 13.Qb4 Nce4 14.Nd4 Bh7 15.O-O
g5 16.Bg3 Qb6 17.Qxb6 axb6 18.Rfc1 Rfc8 19.c4 Nxg3 20.hxg3 Rc5 21.Nb3 Rc7
22.cxd5 Rxc1+ 23.Rxc1 Nxd5 24.Nd4 Bg6 25.Bb5 Nb4 26.a4 Na6 27.f3 Nc5 28.e4 Rd8
29.Rc4 h5 30.Kf2 f6 31.Ke3 Bf7 32.Rb4 Ra8 33.Ne2 Rc8 34.Rd4 Be8 35.Rd6 Bxb5
36.axb5 Kf7 37.Nc3 Re8 38.Rxb6 f5 39.Rd6 fxe4 40.Nxe4 Nxe4 41.fxe4 Ra8 42.Rd7+
Kf6 43.Rxb7 Ra3+ 44.Kd4 Rxg3 45.b6 Rxg2 46.Rb8 Rb2 47.b7 Kg7 48.e5 g4 49.e6
{#r} 1-0